000 00631nam a22002417a 4500
001 BR4700023
003 BR-BrBNA
005 20230928082929.0
007 ta
008 230509b bl.||||| |||| 00| 0 por d
040 _aBR-BrBNA
_bpor
_cBiblioteca Nacional de Agricultura
041 _a(Por)
072 _aL00
_b7600
090 _ 7600 BR4700023
100 1 _aCaruso, V.
245 1 _aDicionario de sericicultura [Bicho da seda; Bombix spp]
260 3 _aSao Paulo, SP (Brasil):
_c1947.
300 _a224 p.
650 _aBicho da seda
650 _aSericicultura
909 _a202309
_bLucia
_c55
_dLucia Elande
942 _cBK
999 _c10681
_d10681